[Event "Zukertort - Zuid-Limburg"]
[Site ""]
[Date "2023.04.22"]
[Round "1.10"]
[White "Kuling, Lody"]
[Black "Mohammadi Nia, Borna"]
[Result "1-0"]
[WhiteElo "2225"]
[BlackElo "2139"]

1. d4 {[%clk 01:30:56]} {[%emt 00:00:04]} Nf6 {[%clk 01:09:42]} {[%emt
00:21:19]} 2. c4 {[%clk 01:31:13]} {[%emt 00:00:12]} g6 {[%clk 01:10:08]}
{[%emt 00:00:04]} 3. Nc3 {[%clk 01:31:33]} {[%emt 00:00:10]} d5 {[%clk
01:10:35]} {[%emt 00:00:03]} 4. cxd5 {[%clk 01:31:51]} {[%emt 00:00:12]} Nxd5
{[%clk 01:11:00]} {[%emt 00:00:05]} 5. e4 {[%clk 01:32:07]} {[%emt 00:00:14]}
Nxc3 {[%clk 01:11:25]} {[%emt 00:00:04]} 6. bxc3 {[%clk 01:32:29]} {[%emt
00:00:08]} Bg7 {[%clk 01:11:49]} {[%emt 00:00:06]} 7. Bg5 {[%clk 01:32:42]}
{[%emt 00:00:17]} c5 {[%clk 01:11:54]} {[%emt 00:00:26]} 8. Rc1 {[%clk
01:32:57]} {[%emt 00:00:15]} O-O {[%clk 01:06:54]} {[%emt 00:05:29]} 9. Nf3
{[%clk 01:33:13]} {[%emt 00:00:14]} Bg4 {[%clk 01:05:38]} {[%emt 00:01:46]} 10.
d5 {[%clk 01:32:55]} {[%emt 00:00:49]} Qc7 {[%clk 01:00:09]} {[%emt 00:05:58]}
11. Be2 {[%clk 01:28:19]} {[%emt 00:05:07]} Bxf3 {[%clk 00:54:10]} {[%emt
00:06:29]} 12. Bxf3 {[%clk 01:21:12]} {[%emt 00:07:37]} c4 {[%clk 00:52:45]}
{[%emt 00:01:55]} 13. O-O {[%clk 01:19:07]} {[%emt 00:02:35]} Na6 {[%clk
00:51:04]} {[%emt 00:02:11]} 14. Qa4 {[%clk 01:16:04]} {[%emt 00:03:33]} Rab8
{[%clk 00:40:17]} {[%emt 00:11:16]} 15. Be3 {[%clk 01:09:38]} {[%emt 00:06:57]}
Qd6 {[%clk 00:32:37]} {[%emt 00:08:10]} 16. Bxa7 {[%clk 01:00:05]} {[%emt
00:10:03]} Ra8 {[%clk 00:27:32]} {[%emt 00:05:35]} 17. Be3 {[%clk 01:00:05]}
{[%emt 00:00:30]} Rfc8 {[%clk 00:25:19]} {[%emt 00:02:42]} 18. Bg4 {[%clk
00:56:12]} {[%emt 00:04:23]} Nc5 {[%clk 00:13:17]} {[%emt 00:12:32]} 19. Qxc4
{[%clk 00:50:39]} {[%emt 00:06:04]} Rc7 {[%clk 00:13:38]} {[%emt 00:00:09]} 20.
Bxc5 {[%clk 00:39:16]} {[%emt 00:11:53]} Qxc5 {[%clk 00:13:13]} {[%emt
00:00:55]} 21. Qe2 {[%clk 00:18:10]} {[%emt 00:21:36]} Bxc3 {[%clk 00:10:03]}
{[%emt 00:03:40]} 22. Rfd1 {[%clk 00:16:57]} {[%emt 00:01:43]} Qa3 {[%clk
00:08:59]} {[%emt 00:01:34]} 23. Rc2 {[%clk 00:16:44]} {[%emt 00:00:44]} Be5
{[%clk 00:05:50]} {[%emt 00:03:39]} 24. Rdd2 {[%clk 00:13:13]} {[%emt
00:04:00]} Rxc2 {[%clk 00:03:31]} {[%emt 00:02:48]} 25. Rxc2 {[%clk 00:13:41]}
{[%emt 00:00:03]} Qb4 {[%clk 00:03:50]} {[%emt 00:00:11]} 26. g3 {[%clk
00:13:06]} {[%emt 00:01:06]} Ra3 {[%clk 00:02:44]} {[%emt 00:01:35]} 27. Kg2
{[%clk 00:12:02]} {[%emt 00:01:34]} Rc3 {[%clk 00:02:21]} {[%emt 00:00:53]} 28.
f4 {[%clk 00:05:29]} {[%emt 00:07:03]} Rxc2 {[%clk 00:01:47]} {[%emt 00:01:03]}
29. Qxc2 {[%clk 00:05:58]} {[%emt 00:00:02]} Qb2 {[%clk 00:02:06]} {[%emt
00:00:10]} 30. Qxb2 {[%clk 00:06:23]} {[%emt 00:00:05]} Bxb2 {[%clk 00:02:33]}
{[%emt 00:00:03]} 31. Bd7 {[%clk 00:04:49]} {[%emt 00:02:04]} b6 {[%clk
00:02:43]} {[%emt 00:00:21]} 32. e5 {[%clk 00:04:37]} {[%emt 00:00:42]} f6
{[%clk 00:01:10]} {[%emt 00:02:03]} 33. e6 {[%clk 00:04:47]} {[%emt 00:00:20]}
f5 {[%clk 00:00:57]} {[%emt 00:00:43]} 34. Kf3 {[%clk 00:04:00]} {[%emt
00:01:16]} Kg7 {[%clk 00:01:07]} {[%emt 00:00:21]} 35. Ke3 {[%clk 00:04:10]}
{[%emt 00:00:20]} Kf6 {[%clk 00:01:22]} {[%emt 00:00:14]} 36. Kd3 {[%clk
00:03:58]} {[%emt 00:00:42]} Ba3 {[%clk 00:01:43]} {[%emt 00:00:09]} 37. Kc4
{[%clk 00:02:59]} {[%emt 00:01:29]} Bc5 {[%clk 00:01:51]} {[%emt 00:00:20]} 38.
Kb5 {[%clk 00:03:11]} {[%emt 00:00:20]} h6 {[%clk 00:01:46]} {[%emt 00:00:35]}
39. a4 {[%clk 00:02:59]} {[%emt 00:00:41]} Bg1 {[%clk 00:02:00]} {[%emt
00:00:16]} 40. h3 {[%clk 00:02:26]} {[%emt 00:01:03]} h5 {[%clk 00:01:12]}
{[%emt 00:01:18]} 41. Kc6 {[%clk 00:30:12]} {[%emt 00:02:44]} Be3 {[%clk
00:24:04]} {[%emt 00:07:38]} 42. Be8 {[%clk 00:21:47]} {[%emt 00:08:55]} h4
{[%clk 00:18:00]} {[%emt 00:06:35]} 43. gxh4 {[%clk 00:22:01]} {[%emt
00:00:16]} Bxf4 {[%clk 00:11:11]} {[%emt 00:07:19]} 44. Kxb6 {[%clk 00:22:25]}
{[%emt 00:00:06]} Ke5 {[%clk 00:10:56]} {[%emt 00:00:45]} 45. Bxg6 {[%clk
00:21:49]} {[%emt 00:01:06]} Kxd5 {[%clk 00:10:51]} {[%emt 00:00:34]} 46. Bxf5
{[%clk 00:22:12]} {[%emt 00:00:08]} Be3+ {[%clk 00:11:06]} {[%emt 00:00:14]} 47.
Kc7 {[%clk 00:21:12]} {[%emt 00:01:30]} 1-0

[ePGN "0.1;DGT LiveChess/2.2.5"]

[Event "Groninger Combinatie - HWP Sas van Gent"]
[Site ""]
[Date "2023.04.22"]
[Round "1.1"]
[White "Leenhouts, Koen"]
[Black "Ernst, Sipke"]
[Result "1/2-1/2"]
[WhiteElo "2442"]
[BlackElo "2526"]

1. d4 {[%clk 01:30:29]} {[%emt 00:01:07]} d5 {[%clk 01:30:51]} {[%emt
00:00:17]} 2. c4 {[%clk 01:30:42]} {[%emt 00:00:47]} e6 {[%clk 01:31:16]}
{[%emt 00:00:05]} 3. Nc3 {[%clk 01:30:42]} {[%emt 00:00:30]} h6 {[%clk
01:31:40]} {[%emt 00:00:06]} 4. Nf3 {[%clk 01:29:33]} {[%emt 00:01:38]} Nf6
{[%clk 01:32:02]} {[%emt 00:00:08]} 5. Bf4 {[%clk 01:25:14]} {[%emt 00:04:50]}
Bd6 {[%clk 01:32:28]} {[%emt 00:00:05]} 6. Bxd6 {[%clk 01:23:21]} {[%emt
00:02:22]} Qxd6 {[%clk 01:32:53]} {[%emt 00:00:04]} 7. e3 {[%clk 01:23:01]}
{[%emt 00:00:50]} O-O {[%clk 01:33:18]} {[%emt 00:00:06]} 8. Be2 {[%clk
01:20:04]} {[%emt 00:03:27]} dxc4 {[%clk 01:27:04]} {[%emt 00:06:44]} 9. Ne5
{[%clk 01:18:34]} {[%emt 00:01:59]} Rd8 {[%clk 01:27:00]} {[%emt 00:00:35]} 10.
O-O {[%clk 01:13:49]} {[%emt 00:05:15]} Qe7 {[%clk 01:27:05]} {[%emt 00:00:26]}
11. Qc2 {[%clk 01:10:45]} {[%emt 00:03:33]} c5 {[%clk 01:14:49]} {[%emt
00:12:47]} 12. dxc5 {[%clk 01:10:59]} {[%emt 00:00:16]} Qxc5 {[%clk 01:14:30]}
{[%emt 00:00:49]} 13. Rfd1 {[%clk 01:11:05]} {[%emt 00:00:22]} Bd7 {[%clk
01:13:34]} {[%emt 00:01:27]} 14. Nxc4 {[%clk 01:10:28]} {[%emt 00:01:05]} Qe7
{[%clk 01:07:47]} {[%emt 00:06:18]} 15. Qb3 {[%clk 00:57:44]} {[%emt 00:13:14]}
Bc6 {[%clk 01:06:00]} {[%emt 00:02:18]} 16. Na5 {[%clk 00:52:43]} {[%emt
00:05:30]} b6 {[%clk 01:01:07]} {[%emt 00:05:24]} 17. Rxd8+ {[%clk 00:46:00]}
{[%emt 00:07:12]} Qxd8 {[%clk 01:01:32]} {[%emt 00:00:04]} 18. Rd1 {[%clk
00:46:16]} {[%emt 00:00:15]} Qe7 {[%clk 01:00:07]} {[%emt 00:01:55]} 19. Nxc6
{[%clk 00:42:58]} {[%emt 00:03:48]} Nxc6 {[%clk 01:00:28]} {[%emt 00:00:09]} 20.
Qa4 {[%clk 00:42:15]} {[%emt 00:01:13]} Rc8 {[%clk 00:55:08]} {[%emt 00:05:50]}
21. Ba6 {[%clk 00:32:51]} {[%emt 00:09:54]} Rc7 {[%clk 00:55:32]} {[%emt
00:00:06]} 22. Nb5 {[%clk 00:31:02]} {[%emt 00:02:19]} Rd7 {[%clk 00:55:42]}
{[%emt 00:00:20]} 23. Rxd7 {[%clk 00:24:12]} {[%emt 00:07:20]} Qxd7 {[%clk
00:48:47]} {[%emt 00:07:26]} 24. Nc3 {[%clk 00:21:55]} {[%emt 00:02:43]} Qd6
{[%clk 00:41:07]} {[%emt 00:08:13]} 25. h3 {[%clk 00:20:04]} {[%emt 00:02:20]}
g5 {[%clk 00:33:57]} {[%emt 00:07:41]} 26. Bb5 {[%clk 00:18:04]} {[%emt
00:02:30]} Na5 {[%clk 00:31:58]} {[%emt 00:02:29]} 27. Ne4 {[%clk 00:16:42]}
{[%emt 00:01:51]} Nxe4 {[%clk 00:23:17]} {[%emt 00:09:12]} 28. Qxe4 {[%clk
00:17:00]} {[%emt 00:00:12]} Qd1+ {[%clk 00:23:45]} {[%emt 00:00:03]} 29. Kh2
{[%clk 00:14:07]} {[%emt 00:03:22]} Qd6+ {[%clk 00:18:45]} {[%emt 00:05:31]} 30.
Kg1 {[%clk 00:12:35]} {[%emt 00:02:01]} Qd1+ {[%clk 00:16:08]} {[%emt
00:03:07]} 31. Bf1 {[%clk 00:12:56]} {[%emt 00:00:09]} Qd7 {[%clk 00:10:41]}
{[%emt 00:05:58]} 32. h4 {[%clk 00:10:50]} {[%emt 00:02:35]} Nc6 {[%clk
00:08:50]} {[%emt 00:02:21]} 33. hxg5 {[%clk 00:06:01]} {[%emt 00:05:19]} hxg5
{[%clk 00:09:16]} {[%emt 00:00:05]} 34. Qg4 {[%clk 00:03:49]} {[%emt 00:02:40]}
Qe7 {[%clk 00:09:43]} {[%emt 00:00:03]} 35. Bb5 {[%clk 00:02:36]} {[%emt
00:01:43]} Nd8 {[%clk 00:03:22]} {[%emt 00:06:52]} 36. Qh5 {[%clk 00:02:14]}
{[%emt 00:00:51]} Qf6 {[%clk 00:03:08]} {[%emt 00:00:44]} 37. Bd3 {[%clk
00:01:27]} {[%emt 00:01:18]} Nc6 {[%clk 00:02:48]} {[%emt 00:00:49]} 38. Qh7+
{[%clk 00:01:24]} {[%emt 00:00:33]} Kf8 {[%clk 00:03:14]} {[%emt 00:00:04]} 39.
Qe4 {[%clk 00:01:42]} {[%emt 00:00:12]} Nd8 {[%clk 00:01:09]} {[%emt 00:02:36]}
40. Qb4+ {[%clk 00:01:12]} {[%emt 00:01:00]} Kg7 {[%clk 00:01:12]} {[%emt
00:00:27]} 41. Be4 {[%clk 00:30:10]} {[%emt 00:01:31]} Qe5 {[%clk 00:29:32]}
{[%emt 00:02:10]} 42. Bf3 {[%clk 00:27:59]} {[%emt 00:02:41]} Qc7 {[%clk
00:27:35]} {[%emt 00:02:27]} 43. Qd2 {[%clk 00:22:19]} {[%emt 00:06:11]} f6
{[%clk 00:23:58]} {[%emt 00:04:07]} 44. Bh5 {[%clk 00:22:41]} {[%emt 00:00:08]}
Nf7 {[%clk 00:24:13]} {[%emt 00:00:22]} 1/2-1/2

[Event "Groninger Combinatie - HWP Sas van Gent"]
[Site ""]
[Date "2023.04.22"]
[Round "1.2"]
[White "Kramer, Julian"]
[Black "Cardon, Helmut"]
[Result "1-0"]
[WhiteElo "2482"]
[BlackElo "2376"]

1. e4 {[%clk 01:30:57]} {[%emt 00:00:02]} c5 {[%clk 01:29:21]} {[%emt
00:01:39]} 2. Nf3 {[%clk 01:31:19]} {[%emt 00:00:08]} d6 {[%clk 01:29:40]}
{[%emt 00:00:11]} 3. d4 {[%clk 01:31:41]} {[%emt 00:00:08]} cxd4 {[%clk
01:29:39]} {[%emt 00:00:31]} 4. Nxd4 {[%clk 01:32:05]} {[%emt 00:00:05]} Nf6
{[%clk 01:30:00]} {[%emt 00:00:09]} 5. Nc3 {[%clk 01:32:30]} {[%emt 00:00:06]}
Nc6 {[%clk 01:30:21]} {[%emt 00:00:09]} 6. g3 {[%clk 01:29:32]} {[%emt
00:03:28]} g6 {[%clk 01:30:37]} {[%emt 00:00:14]} 7. Bg2 {[%clk 01:27:50]}
{[%emt 00:02:12]} Nxd4 {[%clk 01:30:47]} {[%emt 00:00:21]} 8. Qxd4 {[%clk
01:28:15]} {[%emt 00:00:04]} Bg7 {[%clk 01:31:08]} {[%emt 00:00:09]} 9. Bg5
{[%clk 01:22:35]} {[%emt 00:06:10]} h6 {[%clk 01:26:22]} {[%emt 00:05:16]} 10.
Bd2 {[%clk 01:19:51]} {[%emt 00:03:14]} O-O {[%clk 01:26:07]} {[%emt 00:00:45]}
11. O-O {[%clk 01:17:44]} {[%emt 00:02:37]} Be6 {[%clk 01:22:20]} {[%emt
00:04:17]} 12. Qd3 {[%clk 01:12:08]} {[%emt 00:06:06]} Rc8 {[%clk 01:08:44]}
{[%emt 00:14:06]} 13. b3 {[%clk 01:06:28]} {[%emt 00:06:10]} a6 {[%clk
00:49:09]} {[%emt 00:20:05]} 14. Rac1 {[%clk 00:52:32]} {[%emt 00:14:25]} b5
{[%clk 00:41:54]} {[%emt 00:07:46]} 15. Rfe1 {[%clk 00:49:07]} {[%emt
00:03:55]} Qb6 {[%clk 00:25:33]} {[%emt 00:16:51]} 16. Nd5 {[%clk 00:34:49]}
{[%emt 00:14:48]} Nxd5 {[%clk 00:20:57]} {[%emt 00:05:06]} 17. exd5 {[%clk
00:35:14]} {[%emt 00:00:05]} Bf5 {[%clk 00:21:20]} {[%emt 00:00:08]} 18. Be4
{[%clk 00:35:39]} {[%emt 00:00:04]} Bh3 {[%clk 00:20:45]} {[%emt 00:01:05]} 19.
Qe2 {[%clk 00:29:49]} {[%emt 00:06:21]} h5 {[%clk 00:20:20]} {[%emt 00:00:55]}
20. Bd3 {[%clk 00:24:09]} {[%emt 00:06:10]} Rc7 {[%clk 00:19:32]} {[%emt
00:01:17]} 21. c4 {[%clk 00:23:23]} {[%emt 00:01:16]} b4 {[%clk 00:17:47]}
{[%emt 00:02:14]} 22. Be4 {[%clk 00:21:57]} {[%emt 00:01:57]} a5 {[%clk
00:17:41]} {[%emt 00:00:37]} 23. Be3 {[%clk 00:22:14]} {[%emt 00:00:13]} Bd4
{[%clk 00:17:22]} {[%emt 00:00:48]} 24. Qd2 {[%clk 00:21:34]} {[%emt 00:01:11]}
Bxe3 {[%clk 00:17:23]} {[%emt 00:00:29]} 25. Rxe3 {[%clk 00:21:58]} {[%emt
00:00:06]} Ra8 {[%clk 00:15:49]} {[%emt 00:02:02]} 26. Rce1 {[%clk 00:18:29]}
{[%emt 00:04:00]} Qb8 {[%clk 00:14:14]} {[%emt 00:02:04]} 27. Rf3 {[%clk
00:17:38]} {[%emt 00:01:22]} Bg4 {[%clk 00:11:34]} {[%emt 00:03:10]} 28. Rf4
{[%clk 00:14:50]} {[%emt 00:03:19]} a4 {[%clk 00:07:00]} {[%emt 00:05:04]} 29.
Bf3 {[%clk 00:09:39]} {[%emt 00:05:41]} axb3 {[%clk 00:06:23]} {[%emt
00:01:06]} 30. axb3 {[%clk 00:08:20]} {[%emt 00:01:49]} Bxf3 {[%clk 00:03:19]}
{[%emt 00:03:34]} 31. Rxf3 {[%clk 00:08:46]} {[%emt 00:00:05]} Rb7 {[%clk
00:02:53]} {[%emt 00:00:56]} 32. Qg5 {[%clk 00:08:19]} {[%emt 00:00:56]} Qf8
{[%clk 00:02:48]} {[%emt 00:00:35]} 33. Kg2 {[%clk 00:05:03]} {[%emt 00:03:46]}
Raa7 {[%clk 00:03:11]} {[%emt 00:00:07]} 34. Rfe3 {[%clk 00:05:05]} {[%emt
00:00:29]} Kg7 {[%clk 00:02:30]} {[%emt 00:01:11]} 35. h3 {[%clk 00:04:27]}
{[%emt 00:01:07]} f6 {[%clk 00:01:39]} {[%emt 00:01:21]} 36. Qf4 {[%clk
00:04:51]} {[%emt 00:00:07]} Qf7 {[%clk 00:01:15]} {[%emt 00:00:54]} 37. Qd4
{[%clk 00:04:44]} {[%emt 00:00:37]} Rc7 {[%clk 00:01:42]} {[%emt 00:00:02]} 38.
R1e2 {[%clk 00:03:39]} {[%emt 00:01:37]} Qf8 {[%clk 00:01:55]} {[%emt
00:00:17]} 39. g4 {[%clk 00:03:52]} {[%emt 00:00:16]} hxg4 {[%clk 00:00:40]}
{[%emt 00:01:45]} 40. hxg4 {[%clk 00:04:18]} {[%emt 00:00:05]} Kf7 {[%clk
00:00:56]} {[%emt 00:00:14]} 41. g5 {[%clk 00:03:09]} {[%emt 00:01:38]} f5
{[%clk 00:22:02]} {[%emt 00:09:25]} 42. Rh3 {[%clk 00:30:21]} {[%emt 00:03:18]}
Qg7 {[%clk 00:22:08]} {[%emt 00:00:23]} 43. Qe3 {[%clk 00:30:10]} {[%emt
00:00:42]} Ra1 {[%clk 00:16:47]} {[%emt 00:05:49]} 44. Rh6 {[%clk 00:28:55]}
{[%emt 00:01:46]} Kf8 {[%clk 00:13:13]} {[%emt 00:04:04]} 45. Qh3 {[%clk
00:21:17]} {[%emt 00:08:09]} Qd4 {[%clk 00:05:46]} {[%emt 00:07:56]} 46. Rh4
{[%clk 00:18:09]} {[%emt 00:03:38]} 1-0

[Event "Groninger Combinatie - HWP Sas van Gent"]
[Site ""]
[Date "2023.04.22"]
[Round "1.3"]
[White "Roos, Adrian"]
[Black "Maatman, Nick"]
[Result "0-1"]
[WhiteElo "2293"]
[BlackElo "2346"]

1. Nf3 {[%clk 01:30:59]} c5 {[%clk 01:29:32]} {[%emt 00:01:28]} 2. c4 {[%clk
01:31:25]} {[%emt 00:00:04]} Nf6 {[%clk 01:29:52]} {[%emt 00:00:10]} 3. Nc3
{[%clk 01:31:42]} {[%emt 00:00:13]} d5 {[%clk 01:28:57]} {[%emt 00:01:26]} 4.
cxd5 {[%clk 01:32:07]} {[%emt 00:00:05]} Nxd5 {[%clk 01:29:23]} {[%emt
00:00:03]} 5. e3 {[%clk 01:32:22]} {[%emt 00:00:15]} Nxc3 {[%clk 01:27:39]}
{[%emt 00:02:15]} 6. bxc3 {[%clk 01:32:41]} {[%emt 00:00:12]} e6 {[%clk
01:25:05]} {[%emt 00:03:04]} 7. d4 {[%clk 01:31:04]} {[%emt 00:02:07]} Be7
{[%clk 01:25:24]} {[%emt 00:00:10]} 8. Bd3 {[%clk 01:31:24]} {[%emt 00:00:11]}
Nd7 {[%clk 01:22:02]} {[%emt 00:03:51]} 9. O-O {[%clk 01:31:36]} {[%emt
00:00:18]} O-O {[%clk 01:22:26]} {[%emt 00:00:06]} 10. Qc2 {[%clk 01:27:41]}
{[%emt 00:04:25]} h6 {[%clk 01:17:36]} {[%emt 00:05:20]} 11. e4 {[%clk
01:27:05]} {[%emt 00:01:06]} Qc7 {[%clk 01:14:11]} {[%emt 00:03:55]} 12. Qe2
{[%clk 01:24:03]} {[%emt 00:03:32]} b6 {[%clk 01:03:32]} {[%emt 00:11:09]} 13.
Be3 {[%clk 01:11:37]} {[%emt 00:12:56]} Bb7 {[%clk 00:58:47]} {[%emt 00:05:15]}
14. Nd2 {[%clk 01:08:27]} {[%emt 00:03:40]} Rac8 {[%clk 00:48:46]} {[%emt
00:10:31]} 15. f4 {[%clk 00:49:36]} {[%emt 00:19:21]} Nf6 {[%clk 00:36:45]}
{[%emt 00:12:30]} 16. Rab1 {[%clk 00:42:24]} {[%emt 00:07:42]} Rfd8 {[%clk
00:34:31]} {[%emt 00:02:45]} 17. Kh1 {[%clk 00:39:40]} {[%emt 00:03:14]} Qd7
{[%clk 00:27:21]} {[%emt 00:07:40]} 18. f5 {[%clk 00:38:01]} {[%emt 00:02:08]}
cxd4 {[%clk 00:20:52]} {[%emt 00:07:00]} 19. cxd4 {[%clk 00:34:06]} {[%emt
00:04:25]} exf5 {[%clk 00:19:09]} {[%emt 00:02:13]} 20. Rxf5 {[%clk 00:13:09]}
{[%emt 00:21:27]} Nxe4 {[%clk 00:12:48]} {[%emt 00:06:51]} 21. Rbf1 {[%clk
00:13:21]} {[%emt 00:00:17]} Nd6 {[%clk 00:12:40]} {[%emt 00:00:38]} 22. Rh5
{[%emt 00:04:55]} Rc3 {[%clk 00:12:03]} 23. Nf3 {[%clk 00:05:03]} {[%emt
00:05:30]} Qg4 {[%clk 00:06:54]} {[%emt 00:05:39]} 24. Rh3 {[%clk 00:05:28]}
{[%emt 00:00:05]} Be4 {[%clk 00:06:44]} {[%emt 00:00:40]} 25. Bxe4 {[%clk
00:04:34]} {[%emt 00:01:24]} Nxe4 {[%clk 00:04:59]} {[%emt 00:02:15]} 26. Qe1
{[%clk 00:04:53]} {[%emt 00:00:11]} Bf6 {[%clk 00:04:07]} {[%emt 00:01:22]} 27.
Nh4 {[%emt 00:04:05]} Bxh4 {[%clk 00:02:37]} {[%emt 00:01:59]} 28. Rxh4 {[%clk
00:01:25]} {[%emt 00:00:24]} Rxe3 {[%clk 00:02:59]} {[%emt 00:00:08]} 29. Qxe3
{[%clk 00:01:14]} {[%emt 00:00:40]} Qxh4 {[%clk 00:03:28]} {[%emt 00:00:02]} 30.
Rf4 {[%clk 00:01:41]} {[%emt 00:00:02]} Rxd4 {[%clk 00:02:50]} {[%emt
00:01:08]} 31. Rxh4 {[%clk 00:00:40]} {[%emt 00:01:32]} Rd1+ {[%clk 00:03:16]}
{[%emt 00:00:03]} 32. Qg1 {[%clk 00:01:06]} {[%emt 00:00:04]} Nf2# {[%clk
00:03:12]} {[%emt 00:00:03]} 0-1